000
00374nam a2200133Ia 4500
008
100328s9999 xx 000 0 und d
082
_b
10158
100
_a
प्रभू बबन
245
_a
पिलूचे लग्न
260
_b
भारतीय
630
_a
पिलूचे लग्न
730
_a
पिलूचे लग्न
942
_c
BOOK
999
_c
505691
_d
505688